Herramientas para el aprendizaje: guía para enseñar técnicas y habilidades de estudio
Wedi'i Gadw mewn:
| Prif Awduron: | , , , |
|---|---|
| Fformat: | Llyfr |
| Iaith: | Sbaeneg |
| Cyhoeddwyd: |
Buenos Aires
Aique
1994
|
| Cyfres: | Estrategias de Aula
|
| Pynciau: | |
| Tagiau: |
Ychwanegu Tag
Dim Tagiau, Byddwch y cyntaf i dagio'r cofnod hwn!
|
MARC
| LEADER | 00000nam a2200000 a 4500 | ||
|---|---|---|---|
| 001 | UCT6124 | ||
| 003 | CL-VaPUC | ||
| 008 | 961230e19940000AG |||||||||||||||||spa|d | ||
| 082 | 0 | 4 | |a 371.302 |b GAL |2 21 |
| 100 | 0 | |a Gall, M. D |e author |9 375919 | |
| 700 | 0 | |a Gall, Joyce P |e author |9 375920 | |
| 700 | 0 | |a Jacobsen, Dennis R |e author |9 375921 | |
| 700 | 0 | |a Bullock, Terry L |e author |9 375922 | |
| 245 | 1 | 0 | |a Herramientas para el aprendizaje: guía para enseñar técnicas y habilidades de estudio |
| 300 | |a 275 p | ||
| 942 | |c BK | ||
| 945 | |d 19961230 00:00:00 |a nastorga | ||
| 260 | |a Buenos Aires |b Aique |c 1994 | ||
| 650 | 0 | |a Métodos de estudio |9 260518 | |
| 650 | 7 | |a ESTUDIO |2 CL-VaPUC |9 339215 | |
| 650 | 0 | |a Aprendizaje |9 254827 | |
| 650 | 7 | |a HABILIDADES |2 CL-VaPUC |9 369250 | |
| 650 | 0 | |a Investigación educacional |9 261192 | |
| 650 | 0 | |a Política educacional |9 308011 | |
| 650 | 7 | |a PARTICIPACION |2 CL-VaPUC |9 337754 | |
| 650 | 0 | |a Lectura |9 307634 | |
| 650 | 0 | |a Escritura |9 264941 | |
| 650 | 0 | |a Pruebas |9 256249 | |
| 583 | |a last modification |c 19961230 00:00:00 |k Rodrigo Vera | ||
| 490 | 0 | |a Estrategias de Aula | |
| 999 | |c 254850 |d 254848 | ||
| 952 | |0 0 |1 0 |4 0 |6 371_302000000000000_GAL_1994 |7 0 |8 A |9 276774 |a BIBCUR |b BIBCUR |d 2019-11-19 |i 3264513 |o 371.302 GAL 1994 |p 3264513 |r 2025-04-22 |w 2019-11-19 |y BK |k PER | ||
| 952 | |0 0 |1 0 |4 0 |6 371_302000000000000_GAL_1994 |7 0 |8 A |9 276775 |a FDOPOS |b FDOPOS |d 2019-11-19 |i 3814262 |o 371.302 GAL 1994 |p 3814262 |r 2025-01-22 |w 2019-11-19 |y BK |k MLA | ||